North Carolina cities with Most Black Residents - Statistics

General Stats
  • This quiz has been taken 9 times
  • The average score is 4 of 10
Answer Stats
City % Black % Correct
Fayetteville 42
67%
Greensboro 41
67%
Greenville 40
67%
Rocky Mount 62
67%
Goldsboro 52
44%
Henderson 63
44%
Kinston 67
33%
Wilson 47
33%
Washington 43
11%
Laurinburg 47
0%
No matching quizzes found
Score Distribution
Percent of People with Each Score
Percentile by Number Answered
Your Score History
You have not taken this quiz